000 01182nai a22002057a 4500
999 _c34556
_d34556
003 OSt
005 20231218164947.0
008 161128b xxu||||| |||| 00| 0 eng d
022 _a1992-6510
024 _22520-9299
040 _aBMC
_cBMC
082 _a306.3389
245 0 0 _aRealidad y reflexión
_cOscar Picardo Joao, Director
_n55
_penero-junio
_b: especial monográfico de educación matemática
260 _aSan Salvador
_bUniversidad Francisco Gavidia
_c2022
300 _a253 p.
_c24 cm
505 _aContiene: Modelo ARCH para estimar valor de bitcoin.- Tecnologías de acceso remoto para el teletrabajo en PYME.- Respuesta politica al COVID-19.- Diagnostico de la gestión publica.- Dialéctica masculina -femenina, violencia de género.- La espera como situación de crisis.- Calidad del servicio de residuos sólidos.- El bukelismo y el uso de la religión.- Muerte presunta, derecho de los familiares de los desaparecidos.- La adquisición de la prudencia, la virtud y el amor propio en la formación humana.- Estimación del peso al nacer.-
650 2 4 _913187
_aCultura y globalización
700 1 _918653
_aPicardo Joao, Óscar
942 _2ddc
_cPR
_hprozim